[Event "53smm B Steinegg-Groeden 2"]
[Site "?"]
[Date "2022.03.12"]
[Round "3.3"]
[White "Kasslatter, Matthias"]
[Black "Schgaguler, Guenther"]
[Result "1/2-1/2"]
[WhiteElo "1559"]
[BlackElo "1501"]
[PlyCount "107"]
[EventDate "2022.03.12"]

1. e4 e6 2. d4 d5 3. exd5 exd5 4. Nf3 Bd6 5. Bd3 Ne7 6. h3 c6 7. O-O O-O 8. Re1
Be6 9. c3 Nd7 10. Bg5 Qc7 11. Qc2 Ng6 12. Nbd2 Rae8 13. Re2 Be7 14. c4 Bxg5 15.
Nxg5 Nf6 16. Rae1 Qd7 17. Bxg6 hxg6 18. Nxe6 Rxe6 19. Rxe6 fxe6 20. Qxg6 Qf7
21. Qxf7+ Kxf7 22. c5 b6 23. cxb6 axb6 24. Nf3 Ne4 25. Ne5+ Ke8 26. f3 Ng3 27.
Nxc6 Kd7 28. Ne5+ Kd6 29. Kh2 Nf5 30. Rd1 Rc8 31. Rd2 Rc1 32. g4 Ne3 33. Re2
Rc2 34. Rxc2 Nxc2 35. f4 Nxd4 36. Kg3 Nb5 37. g5 Nd4 38. h4 Nf5+ 39. Kh3 d4 40.
h5 Kd5 41. Kg4 Ke4 42. b4 d3 43. Nf3 Ke3 44. a4 Nd4 45. h6 gxh6 46. gxh6 Nxf3
47. h7 d2 48. h8=Q d1=Q 49. Qc3+ Kf2 50. Qb2+ Qe2 51. Qxe2+ Kxe2 52. a5 bxa5
53. bxa5 Nd4 54. a6 1/2-1/2

[Event "53smm B Steinegg-Groeden 2"]
[Site "?"]
[Date "2022.03.12"]
[Round "3.4"]
[White "Lantschner, Alexander"]
[Black "Insam, Raffael"]
[Result "0-1"]
[WhiteElo "1397"]
[BlackElo "1690"]
[PlyCount "68"]
[EventDate "2022.03.12"]

1. e4 c5 2. Bc4 e6 3. d3 d5 4. exd5 exd5 5. Bb5+ Nc6 6. Nf3 Qa5+ 7. Nc3 d4 8.
Bxc6+ bxc6 9. Qe2+ Ne7 10. Bd2 dxc3 11. Bxc3 Qc7 12. O-O f6 13. h3 Kf7 14. Nd2
Nd5 15. Ne4 Bd6 16. Rfe1 Bf5 17. Qh5+ Bg6 18. Qf3 Rhe8 19. Ng5+ Kg8 20. Ne4
Rab8 21. Kf1 Nxc3 22. bxc3 Be5 23. Nxc5 Bxc3 24. Rxe8+ Rxe8 25. Rb1 Qh2 26. g4
Bd4 27. Nb3 Bxf2 28. Qxf2 Qxh3+ 29. Qg2 Bxd3+ 30. Kg1 Qe3+ 31. Kh2 Qf4+ 32. Kg1
Re2 33. Qh3 Qf2+ 34. Kh1 Be4+ 0-1

[Event "53smm Gries-Deutschnofen"]
[Site "?"]
[Date "2022.03.12"]
[Round "3.2"]
[White "Paulmichl, Martin"]
[Black "Dappiano, Andrea"]
[Result "0-1"]
[WhiteElo "1897"]
[BlackElo "2263"]
[PlyCount "55"]
[EventDate "2022.03.12"]

1. f4 g6 2. Nf3 d5 3. g3 Bg7 4. Bg2 Nh6 5. c3 O-O 6. O-O b6 7. d3 Bb7 8. Qc2
Nd7 9. e4 dxe4 10. dxe4 Nc5 11. Ng5 Qd3 12. Qxd3 Nxd3 13. h3 e5 14. Na3 exf4
15. gxf4 a6 16. Rd1 Rad8 17. Bf1 Nc5 18. Be3 Nxe4 19. Nxe4 Bxe4 20. Bxa6 Nf5
21. Bf2 Bh6 22. Nb5 Bxf4 23. Nd4 c5 24. Re1 Rfe8 25. Nxf5 Bxf5 26. Bh4 g5 27.
Rf1 Rd2 28. Bb7 0-1

[Event "53smm Gries-Deutschnofen"]
[Site "?"]
[Date "2022.03.12"]
[Round "3.3"]
[White "Micheli, Carlo"]
[Black "Niederstaetter, Harald"]
[Result "1-0"]
[WhiteElo "2214"]
[BlackElo "1867"]
[PlyCount "53"]
[EventDate "2022.03.12"]

1. e4 c6 2. d4 d5 3. e5 Bf5 4. h4 h5 5. Bd3 Bxd3 6. Qxd3 e6 7. Nf3 Nh6 8. b3
Nf5 9. c4 Be7 10. g3 a5 11. a3 a4 12. cxd5 cxd5 13. b4 Qc7 14. Nc3 Qc4 15. Qxc4
dxc4 16. d5 O-O 17. Bb2 exd5 18. Nxd5 Nc6 19. b5 Rad8 20. O-O-O Na7 21. Nd4
Rxd5 22. Nxf5 Rxd1+ 23. Rxd1 Bc5 24. Rd7 g6 25. Nh6+ Kg7 26. Nxf7 Rxf7 27. e6+
1-0

[Event "53smm Gries-Deutschnofen"]
[Site "?"]
[Date "2022.03.12"]
[Round "3.4"]
[White "Spornberger, Peter"]
[Black "Tonina, Filippo"]
[Result "0-1"]
[WhiteElo "1520"]
[BlackElo "1947"]
[PlyCount "80"]
[EventDate "2022.03.12"]

1. e4 d6 2. d4 Nf6 3. Nc3 g6 4. h3 Bg7 5. Nf3 O-O 6. Be3 c6 7. a4 a5 8. Be2 Na6
9. O-O Nb4 10. e5 dxe5 11. Nxe5 Bf5 12. Nd3 Nfd5 13. Nxd5 Nxd5 14. c3 Qc7 15.
Bf3 Rad8 16. Qd2 Rfe8 17. Rad1 e5 18. Bxd5 Rxd5 19. c4 Rdd8 20. Qc1 Bxd3 21.
Rxd3 exd4 22. Bf4 Be5 23. Bh6 c5 24. f4 Bg7 25. f5 f6 26. fxg6 hxg6 27. Rdf3
Re6 28. Bf4 Qc6 29. h4 f5 30. Rg3 d3 31. h5 gxh5 32. Bg5 Rg6 33. Rgf3 Rd4 34.
Rxf5 Rg4 35. Qd2 Qe4 36. R1f2 Bd4 37. Rf8+ Kh7 38. R8f7+ Rg7 39. Rxg7+ Kxg7 40.
Bf6+ Bxf6 0-1

[Event "53smm Groeden-Brixen/Milland"]
[Site "?"]
[Date "2022.03.12"]
[Round "3.1"]
[White "Brenninger, Daniel"]
[Black "Moroder, Stephan"]
[Result "1-0"]
[WhiteElo "2085"]
[BlackElo "2159"]
[PlyCount "61"]
[EventDate "2022.03.12"]

1. d4 Nf6 2. c4 g6 3. Nc3 d5 4. Nf3 Bg7 5. e3 O-O 6. cxd5 Nxd5 7. Bc4 Nxc3 8.
bxc3 c5 9. O-O Nc6 10. Ba3 cxd4 11. cxd4 Na5 12. Be2 Be6 13. Qa4 a6 14. Bxe7
Qxe7 15. Qxa5 Rac8 16. Rfc1 h6 17. Ne5 Qd6 18. Bf3 b5 19. Rc6 Rxc6 20. Nxc6 Kh7
21. Qxa6 b4 22. Rb1 Rc8 23. Nxb4 Qxa6 24. Nxa6 Bxa2 25. Ra1 Bf8 26. g3 Be6 27.
Kg2 Bd6 28. Ra5 Rc1 29. Bd5 Bg4 30. Bxf7 h5 31. h4 1-0

[Event "53smm Groeden-Brixen/Milland"]
[Site "?"]
[Date "2022.03.12"]
[Round "3.2"]
[White "Demetz, Rainer"]
[Black "Kofler, Thomas"]
[Result "1-0"]
[WhiteElo "2170"]
[BlackElo "1972"]
[PlyCount "127"]
[EventDate "2022.03.12"]

1. e4 d6 2. d4 Nf6 3. Nc3 Nbd7 4. f4 e5 5. Nf3 exd4 6. Qxd4 c6 7. Bd2 Qb6 8.
O-O-O Be7 9. Bc4 O-O 10. h3 Qxd4 11. Nxd4 Nb6 12. Bd3 Be6 13. Nxe6 fxe6 14.
Rhf1 Nfd7 15. Be2 e5 16. g3 Rac8 17. a4 Nf6 18. Be3 Nbd7 19. g4 exf4 20. Bxf4
Nc5 21. Bxd6 Bxd6 22. Rxd6 Nfxe4 23. Nxe4 Rxf1+ 24. Bxf1 Nxe4 25. Bc4+ Kh8 26.
Rd7 Rb8 27. Re7 Ng5 28. h4 Nf3 29. h5 h6 30. a5 a6 31. c3 Ng5 32. Bd3 Kg8 33.
Bf5 Kf8 34. Rc7 Nf7 35. Be6 Nd8 36. Ba2 b6 37. axb6 Rxb6 38. Bc4 a5 39. Ra7 Nb7
40. Kc2 Nd6 41. Bd3 Nb7 42. Ra8+ Kf7 43. Rb8 Kf6 44. Be2 a4 45. Ra8 Nc5 46. Ra5
Ne6 47. Rxa4 c5 48. Bd3 Rd6 49. Bf5 Kg5 50. Bxe6 Rxe6 51. Rc4 Re5 52. b4 cxb4
53. cxb4 Re2+ 54. Kb3 Re8 55. b5 g6 56. hxg6 Kxg6 57. Kb4 Kg5 58. b6 Re6 59.
Kb5 Re7 60. Ka6 Re6 61. Ka7 h5 62. gxh5 Kxh5 63. b7 Re7 64. Ka8 1-0

[Event "53smm Groeden-Brixen/Milland"]
[Site "?"]
[Date "2022.03.12"]
[Round "3.3"]
[White "Kofler, Oswald"]
[Black "Bernardi, Ruben"]
[Result "1-0"]
[WhiteElo "1817"]
[BlackElo "2046"]
[PlyCount "103"]
[EventDate "2022.03.12"]

1. e4 e5 2. Nf3 Nc6 3. Bc4 f5 4. d4 exd4 5. Nxd4 Nf6 6. Nxc6 bxc6 7. exf5 d5 8.
Bd3 Bd6 9. O-O O-O 10. Bg5 Qe8 11. Re1 Qf7 12. Nd2 Nh5 13. Nf3 Bxf5 14. Bxf5
Qxf5 15. Qd3 Qxd3 16. cxd3 Nf4 17. Bxf4 Rxf4 18. Re2 h6 19. b3 c5 20. Rc1 Rd8
21. Ne1 Kf7 22. g3 Rf6 23. Nc2 Re8 24. Rce1 Rxe2 25. Rxe2 Rf3 26. Ne3 d4 27.
Kg2 Rf6 28. Nc4 Re6 29. Kf1 Kf6 30. f4 h5 31. Rxe6+ Kxe6 32. Ke2 Be7 33. Kf3
Kd5 34. h3 Bf6 35. g4 hxg4+ 36. Kxg4 Be7 37. Kf5 c6 38. Nd2 Bd6 39. Ne4 Bc7 40.
h4 a5 41. h5 a4 42. Ng5 c4 43. bxc4+ Kc5 44. Ne6+ Kb4 45. Nxg7 Kc3 46. h6 Kxd3
47. h7 Kc2 48. Ne6 d3 49. Nd4+ Kc1 50. h8=Q Ba5 51. Qh1+ Kb2 52. Qd1 1-0

[Event "53smm Groeden-Brixen/Milland"]
[Site "?"]
[Date "2022.03.12"]
[Round "3.4"]
[White "Casadio, Niccolo"]
[Black "Hulinskyy, Viktor"]
[Result "1-0"]
[WhiteElo "2000"]
[BlackElo "1550"]
[PlyCount "95"]
[EventDate "2022.03.12"]

1. d4 Nf6 2. Bf4 c5 3. e3 cxd4 4. exd4 e6 5. c3 b6 6. Nf3 Bb7 7. Nbd2 Be7 8.
Bd3 d6 9. Qe2 Nbd7 10. O-O O-O 11. Rac1 Re8 12. h3 Bf8 13. Nc4 Qc7 14. Rfe1
Rac8 15. Na3 Qb8 16. Ba6 Nd5 17. Bg3 Bxa6 18. Qxa6 Nc7 19. Qd3 b5 20. Nc2 Nd5
21. Ne3 N7f6 22. Ng5 Nxe3 23. fxe3 h6 24. Nf3 e5 25. e4 Rcd8 26. b3 Qb7 27. d5
Nd7 28. c4 Nc5 29. Qe2 b4 30. Bf2 Rc8 31. Rf1 a5 32. Ne1 Be7 33. Nd3 Nxd3 34.
Qxd3 Bg5 35. Rc2 Bd8 36. Rfc1 Bb6 37. c5 dxc5 38. Qb5 Red8 39. Kf1 Rd6 40. Bxc5
Rf6+ 41. Ke2 Rb8 42. Bxb6 Qxb6 43. Qxb6 Rfxb6 44. Rc5 Ra8 45. Rd1 f6 46. d6 Rd8
47. d7 Rb7 48. Rc8 1-0

[Event "53smm Klausen-CSK Merania"]
[Site "?"]
[Date "2022.03.12"]
[Round "3.1"]
[White "Bonagura, Stefano"]
[Black "Schacher, Gerd"]
[Result "0-1"]
[WhiteElo "2225"]
[BlackElo "2287"]
[PlyCount "54"]
[EventDate "2022.03.12"]

1. d4 g6 2. Nf3 Bg7 3. c4 c5 4. e3 Nf6 5. Nc3 O-O 6. d5 d6 7. Be2 Bg4 8. Nd2
Bxe2 9. Qxe2 e6 10. O-O exd5 11. cxd5 Na6 12. Nc4 Nc7 13. a4 Qe7 14. e4 Rfe8
15. Re1 Nd7 16. f3 a6 17. Bf4 Ne5 18. Ne3 Rab8 19. Bg3 b5 20. axb5 Nxb5 21.
Nxb5 axb5 22. f4 Nd7 23. Ra7 Bd4 24. Bf2 c4 25. Rc7 Qd8 26. Rc6 Rxe4 27. Rxd6
Qe7 0-1

[Event "53smm Klausen-CSK Merania"]
[Site "?"]
[Date "2022.03.12"]
[Round "3.2"]
[White "Seebacher, Michael"]
[Black "Battiston, Claudio"]
[Result "1-0"]
[WhiteElo "2043"]
[BlackElo "1814"]
[PlyCount "105"]
[EventDate "2022.03.12"]

1. e4 e5 2. Nf3 Nc6 3. Bc4 Nf6 4. d4 exd4 5. O-O Be7 6. e5 Ne4 7. Re1 Nc5 8.
Nxd4 Nxd4 9. Qxd4 O-O 10. Nc3 d6 11. Nd5 Be6 12. Nxe7+ Qxe7 13. exd6 Qxd6 14.
Qxd6 cxd6 15. Be2 Bf5 16. Bf4 Bxc2 17. Bxd6 Rfc8 18. Bxc5 Rxc5 19. Rac1 Kf8 20.
Bf3 Rac8 21. Bxb7 R8c7 22. b4 Rc3 23. Bd5 Bf5 24. Rxc3 Rxc3 25. h3 Rd3 26. Bb3
Rd4 27. Re5 g6 28. Rb5 Rd7 29. a4 Rc7 30. Kh2 Ke7 31. Bd5 Bd7 32. Ra5 h5 33.
Kg3 Be6 34. Bxe6 Kxe6 35. b5 f6 36. Ra6+ Kf5 37. Kf3 Rc3+ 38. Ke2 Rc7 39. Kd3
Ke5 40. f4+ Kf5 41. Kd4 h4 42. a5 Rf7 43. b6 axb6 44. axb6 Kxf4 45. Ra7 Rf8 46.
Ra3 Rd8+ 47. Kc5 f5 48. b7 Rb8 49. Kc6 g5 50. Kc7 Rxb7+ 51. Kxb7 g4 52. Kc6
gxh3 53. Rxh3 1-0

[Event "53smm Klausen-CSK Merania"]
[Site "?"]
[Date "2022.03.12"]
[Round "3.3"]
[White "Lami, Damiano"]
[Black "Haller, Quentin"]
[Result "1/2-1/2"]
[WhiteElo "2041"]
[BlackElo "1883"]
[PlyCount "172"]
[EventDate "2022.03.12"]

1. e4 c6 2. Nc3 d5 3. Qf3 dxe4 4. Nxe4 Nf6 5. Bc4 e6 6. Nxf6+ Qxf6 7. Qxf6 gxf6
8. d4 b6 9. Bf4 Ba6 10. Bxa6 Nxa6 11. c3 O-O-O 12. O-O-O Rg8 13. Nf3 Nc7 14.
Bxc7 Kxc7 15. g3 Rd5 16. Rhf1 Be7 17. Rd3 Rgd8 18. Re3 c5 19. c4 cxd4 20. cxd5
dxe3 21. dxe6 e2 22. Re1 Rd1+ 23. Rxd1 exd1=Q+ 24. Kxd1 fxe6 25. Nd4 Kd7 26.
Ke2 e5 27. Nf5 Bc5 28. f3 Ke6 29. g4 Kd5 30. Kd3 b5 31. h3 a6 32. Ng7 Bf8 33.
Nh5 Be7 34. Ng3 Bc5 35. Ne4 Be7 36. Nc3+ Ke6 37. Ke4 Bf8 38. Nd5 Bd6 39. b3 Bb8
40. h4 Bd6 41. h5 Bb8 42. Nb4 a5 43. Nd3 Bd6 44. a4 bxa4 45. bxa4 Bc7 46. Nc5+
Kd6 47. Nb3 Ke6 48. Nd2 Bb8 49. Nf1 Bc7 50. Ne3 Bd6 51. Nf5 Bc7 52. h6 Bb6 53.
Ng7+ Kf7 54. Kf5 Be3 55. Ne6 Bxh6 56. Nd8+ Kg7 57. Nc6 Bd2 58. Nb8 Kf7 59. Nd7
e4 60. Kxe4 Kg6 61. Nf8+ Kf7 62. Nd7 Kg6 63. f4 Bc1 64. Nb6 Bd2 65. Nd5 Bc1 66.
Kd4 f5 67. g5 Bb2+ 68. Kc5 Bc1 69. Kd6 Bxf4+ 70. Nxf4+ Kxg5 71. Ne6+ Kg4 72.
Ke5 h5 73. Kd4 f4 74. Ke4 f3 75. Ke3 Kg3 76. Ng5 h4 77. Nxf3 h3 78. Ke2 Kg2 79.
Ne1+ Kg1 80. Ke3 Kf1 81. Nf3 Kg2 82. Ke2 Kg3 83. Nd2 Kg2 84. Nf3 Kg3 85. Ke3
Kg2 86. Kf4 h2 1/2-1/2

[Event "53smm Klausen-CSK Merania"]
[Site "?"]
[Date "2022.03.12"]
[Round "3.4"]
[White "Seebacher, Reinhard"]
[Black "Kaserer, Hanspeter"]
[Result "1/2-1/2"]
[WhiteElo "1914"]
[BlackElo "1683"]
[PlyCount "109"]
[EventDate "2022.03.12"]

1. Nf3 d5 2. d4 Nf6 3. Bf4 e6 4. e3 c5 5. Bb5+ Nbd7 6. O-O a6 7. Bxd7+ Bxd7 8.
Nbd2 Rc8 9. Re1 Bc6 10. Ne5 Qb6 11. Nxc6 Qxc6 12. c3 Be7 13. g4 O-O 14. g5 Ne4
15. Nxe4 dxe4 16. Qg4 Qd5 17. Red1 c4 18. Kh1 Rc6 19. Rg1 Bd6 20. Bxd6 Rxd6 21.
f3 exf3 22. e4 Qc6 23. Qxf3 Qd7 24. Raf1 b5 25. g6 h6 26. gxf7+ Rxf7 27. Qg3
Rxf1 28. Rxf1 Rb6 29. Qf4 Qe7 30. a3 a5 31. Qe5 Qb7 32. Kg2 b4 33. axb4 axb4
34. cxb4 Qe7 35. Qa5 Qxb4 36. Qxb4 Rxb4 37. Rf2 Rb3 38. Rc2 Rb4 39. Kf3 Kf7 40.
Kf4 Kf6 41. e5+ Kf7 42. h4 g6 43. Ke4 g5 44. hxg5 hxg5 45. Rf2+ Ke7 46. Kf3
Rb3+ 47. Ke4 g4 48. Rc2 g3 49. d5 exd5+ 50. Kxd5 Rf3 51. Rxc4 Rd3+ 52. Ke4 g2
53. Rc1 Rb3 54. Rb1 Rxb2 55. Rg1 1/2-1/2

[Event "53smm B Arci-Groeden2"]
[Site "?"]
[Date "2022.03.26"]
[Round "4.1"]
[White "Grossi, Christian"]
[Black "Perino, Alberto"]
[Result "1-0"]
[WhiteElo "1881"]
[BlackElo "1899"]
[PlyCount "117"]
[EventDate "2022.03.26"]

1. d4 d5 2. c4 e6 3. Nf3 Nf6 4. Nc3 Bb4 5. e3 O-O 6. Bd3 c5 7. O-O Nc6 8. a3
Bxc3 9. bxc3 Re8 10. Bb2 b6 11. cxd5 exd5 12. Bb5 Bd7 13. dxc5 bxc5 14. c4 a6
15. Ba4 Nb8 16. cxd5 Bxa4 17. Qxa4 Qxd5 18. Bxf6 Re4 19. Qd1 Qxd1 20. Rfxd1
gxf6 21. Rd8+ Kg7 22. Rb1 Ra4 23. Rdxb8 Rxb8 24. Rxb8 Rxa3 25. Rb1 a5 26. Kf1
a4 27. Nd2 Ra2 28. Ke1 f5 29. Rc1 Rb2 30. Rxc5 a3 31. Rc1 a2 32. Ra1 Kf6 33.
Kd1 Kg5 34. Kc1 Rb4 35. Rxa2 f4 36. Ra5+ Kg6 37. e4 h5 38. Kc2 h4 39. Kc3 Rb8
40. Rf5 h3 41. Rxf4 hxg2 42. Rg4+ Kf6 43. Rxg2 Rh8 44. Kd4 Rh3 45. f4 Ke6 46.
f5+ Kf6 47. Rf2 Ra3 48. e5+ Ke7 49. Ne4 Ra4+ 50. Kd5 Ra5+ 51. Nc5 f6 52. e6 Ra8
53. Rg2 Rd8+ 54. Kc6 Rd6+ 55. Kc7 Rd5 56. Rg7+ Kf8 57. Rf7+ Ke8 58. Nd7 Rc5+
59. Kd6 1-0

[Event "53smm B Arci-Groeden2"]
[Site "?"]
[Date "2022.03.26"]
[Round "4.2"]
[White "Rinaldo, Gaetano"]
[Black "Casadio, Lorenzo"]
[Result "0-1"]
[WhiteElo "1676"]
[BlackElo "1863"]
[PlyCount "62"]
[EventDate "2022.03.26"]

1. g3 d5 2. c4 Nf6 3. cxd5 Nxd5 4. Nc3 g6 5. Bg2 Nxc3 6. bxc3 Bg7 7. Nf3 O-O 8.
O-O c5 9. Rb1 Nc6 10. Qc2 b6 11. d3 Bb7 12. e4 Qd7 13. Rd1 Rac8 14. Be3 Rfd8
15. Qd2 Na5 16. Bh6 Bh8 17. Ng5 Ba6 18. Qf4 Qe8 19. Bh3 e6 20. Qh4 Qe7 21. c4
Nc6 22. Qg4 Rd6 23. f4 Rcd8 24. e5 Rxd3 25. Rxd3 Rxd3 26. Rc1 Qd8 27. Nxe6 Qe7
28. Ng5 Bg7 29. Bxg7 Kxg7 30. Ne4 Nd4 31. Nd6 h5 0-1

[Event "53smm B Arci-Groeden2"]
[Site "?"]
[Date "2022.03.26"]
[Round "4.3"]
[White "Kasslatter, Matthias"]
[Black "D'Ambrosio, Luca"]
[Result "1/2-1/2"]
[WhiteElo "1743"]
[BlackElo "1573"]
[PlyCount "138"]
[EventDate "2022.03.26"]

1. e4 Nf6 2. e5 Nd5 3. d4 d6 4. Nf3 Bg4 5. Be2 c6 6. O-O Bxf3 7. Bxf3 dxe5 8.
dxe5 e6 9. Bxd5 Qxd5 10. Qxd5 cxd5 11. Re1 Nd7 12. c3 Nc5 13. f4 Nd3 14. Rd1
Bc5+ 15. Kf1 Nxc1 16. Rxc1 Be3 17. Re1 Bxf4 18. g3 Bg5 19. h4 Be7 20. Nd2 O-O
21. Rad1 b5 22. a3 Rfc8 23. Rc1 Rc7 24. Nf3 Rac8 25. Nd4 a6 26. Red1 Rc4 27.
Ke2 Bc5 28. b3 Bxd4 29. bxc4 Bxe5 30. cxd5 exd5 31. Rxd5 Bxg3 32. h5 Kf8 33.
Kf3 Bh4 34. Rd6 Ra8 35. Rb6 Be7 36. Ra1 Rc8 37. Ke4 Rc4+ 38. Kd3 Bf6 39. Rxa6
Rxc3+ 40. Kd2 Rh3 41. Rb1 Rxh5 42. Ra5 Rh2+ 43. Kd3 Rh3+ 44. Ke4 Rh4+ 45. Kd5
g5 46. Raxb5 Ra4 47. R1b3 Be7 48. Kc6 g4 49. Kd7 Bxa3 50. Rg5 Rd4+ 51. Kc6 Bc1
52. Rf5 Re4 53. Rb8+ Re8 54. Rb7 Re7 55. Rb4 Re6+ 56. Kd5 Rg6 57. Rb7 f6 58.
Rf1 Ba3 59. Ra1 Rg5+ 60. Kc6 Be7 61. Re1 Re5 62. Rxe5 fxe5 63. Kd5 h5 64. Kxe5
g3 65. Kf4 Bd6+ 66. Kf3 h4 67. Rh7 Be7 68. Kg2 Ke8 69. Rg7 Bd6 1/2-1/2

[Event "53smm B Arci-Groeden2"]
[Site "?"]
[Date "2022.03.26"]
[Round "4.4"]
[White "Borgese, Alessio"]
[Black "Insam, Raffael"]
[Result "1/2-1/2"]
[WhiteElo "1591"]
[BlackElo "1693"]
[PlyCount "128"]
[EventDate "2022.03.26"]

1. d4 Nf6 2. Nc3 d5 3. Bf4 c5 4. e3 a6 5. dxc5 Nc6 6. Nf3 Bg4 7. h3 Bxf3 8.
Qxf3 e6 9. O-O-O Bxc5 10. Bg5 h6 11. Bh4 Ne5 12. Qf4 Ng6 13. Qa4+ b5 14. Bxf6
bxa4 15. Bxd8 Rxd8 16. Nxa4 Be7 17. Bxa6 O-O 18. Bd3 Ra8 19. Nc3 Ne5 20. f4 Nc6
21. a3 Rfc8 22. Nb1 Na5 23. b4 Nc6 24. f5 Bg5 25. Rhe1 d4 26. fxe6 fxe6 27. Be4
Bxe3+ 28. Rxe3 dxe3 29. b5 e2 30. Re1 Nd4 31. Kd2 Rab8 32. a4 Rc5 33. c3 Nf5
34. Rxe2 Rc4 35. Bc2 Rd8+ 36. Kc1 Kf7 37. Bb3 Rc5 38. Bxe6+ Kf6 39. Ba2 Nd4 40.
Re4 Kf5 41. Re7 Ra8 42. Kb2 Rxa4 43. cxd4 Rxb5+ 44. Bb3 Rab4 45. Re5+ Rxe5 46.
dxe5 Kxe5 47. Kc3 Rb5 48. Nd2 Kf4 49. Bd1 Ke3 50. Bf3 Rc5+ 51. Nc4+ Kf2 52. Kd4
Rc8 53. Nd6 Rd8 54. Ke5 Rf8 55. Ne4+ Ke3 56. Bg4 Re8+ 57. Be6 Rxe6+ 58. Kxe6
Kxe4 59. Kf7 g5 60. Kg6 g4 61. h4 g3 62. Kh5 Ke3 63. Kg4 Kf2 64. Kh3 h5 1/2-1/2

[Event "53smm B Naturns2-Steinegg"]
[Site "?"]
[Date "2022.03.26"]
[Round "4.1"]
[White "Lantschner, Carmen"]
[Black "Naegele, Raimund"]
[Result "0-1"]
[WhiteElo "1656"]
[BlackElo "1657"]
[PlyCount "101"]
[EventDate "2022.03.26"]

1. d4 d6 2. e4 g6 3. Nf3 Nf6 4. Nc3 Bg7 5. Be2 c5 6. dxc5 Qa5 7. O-O Qxc5 8.
Be3 Qb4 9. e5 dxe5 10. Nxe5 O-O 11. Nb5 Qa5 12. c3 a6 13. b4 Qd8 14. Qxd8 Rxd8
15. Nc7 Nd5 16. Nxa8 Nxe3 17. fxe3 Bxe5 18. Rad1 Rxd1 19. Rxd1 Nc6 20. c4 Bf5
21. b5 axb5 22. cxb5 Nb4 23. a4 Bc2 24. Rd8+ Kg7 25. a5 Be4 26. Bf3 Bd3 27.
Rxd3 Nxd3 28. Bxb7 Nc5 29. Bc6 Kf6 30. a6 Bb8 31. Nb6 Ke6 32. Nc8 Nd7 33. a7
Bxa7 34. Nxa7 Nb6 35. Be8 f6 36. Nc6 Kd6 37. Nd4 e5 38. Nb3 Nc4 39. Kf2 Kc7 40.
Nc5 Nd6 41. Bc6 f5 42. Ne6+ Kb6 43. Nf8 Nxb5 44. Bxb5 Kxb5 45. Nxh7 Kc4 46. h4
Kd5 47. Nf8 Kd6 48. Nxg6 Ke6 49. Kf3 Kf6 50. Nxe5 Kxe5 51. h5 0-1

[Event "53smm B Naturns2-Steinegg"]
[Site "?"]
[Date "2022.03.26"]
[Round "4.2"]
[White "Illmer, Markus"]
[Black "Schgaguler, Guenther"]
[Result "0-1"]
[WhiteElo "1604"]
[BlackElo "1501"]
[PlyCount "66"]
[EventDate "2022.03.26"]

1. d4 e6 2. Nf3 d5 3. Bg5 Be7 4. Bxe7 Nxe7 5. Nbd2 Nbc6 6. e3 O-O 7. c3 Ng6 8.
Bd3 Qe7 9. O-O e5 10. dxe5 Ncxe5 11. Nxe5 Nxe5 12. Be2 c6 13. h3 Bf5 14. Qa4 a6
15. Qf4 Bg6 16. Rad1 Bc2 17. Rc1 Bd3 18. Rce1 Bxe2 19. Rxe2 Nd3 20. Qd4 Nxb2
21. Rb1 Qa3 22. Nf1 Nc4 23. Ng3 b5 24. Nf5 f6 25. Ne7+ Qxe7 26. Rbe1 Rad8 27.
Qg4 Qe4 28. Qg3 Qe5 29. Qg4 Rfe8 30. e4 d4 31. f4 Qe6 32. Qf3 d3 33. Rf2 d2 0-1

[Event "53smm B Naturns2-Steinegg"]
[Site "?"]
[Date "2022.03.26"]
[Round "4.3"]
[White "Lantschner, Alexander"]
[Black "Gurschler, Gregor"]
[Result "0-1"]
[WhiteElo "1392"]
[BlackElo "1792"]
[PlyCount "88"]
[EventDate "2022.03.26"]

1. e4 e5 2. Bc4 Nf6 3. d3 Bc5 4. h3 c6 5. Nf3 Qb6 6. O-O d5 7. exd5 cxd5 8. Bb3
e4 9. d4 Be7 10. Ne5 Nc6 11. Nxc6 bxc6 12. c3 O-O 13. Bg5 a5 14. a4 Ba6 15. Re1
Rfe8 16. Nd2 Rad8 17. Rb1 h6 18. Be3 Nh7 19. Qg4 Bc8 20. Qg3 Bd6 21. Bf4 Re6
22. Bxd6 Rexd6 23. Bc2 Rg6 24. Qe3 Ng5 25. Kh1 f5 26. f4 Ne6 27. Bd1 Qc7 28. g3
Rf6 29. h4 g5 30. hxg5 hxg5 31. fxg5 Rg6 32. Nf1 Rxg5 33. Re2 Ba6 34. Kh2 Bxe2
35. Bxe2 f4 36. Qf2 e3 37. Qf3 Qh7+ 38. Kg2 Qxb1 39. Kh3 Qf5+ 40. g4 Qh7+ 41.
Kg2 Rg7 42. c4 Ng5 43. Qxf4 Qh3+ 44. Kg1 Rf8 0-1

[Event "53smm B Naturns2-Steinegg"]
[Site "?"]
[Date "2022.03.26"]
[Round "4.4"]
[White "Gurschler, Markus"]
[Black "Schroffenegger, Franz"]
[Result "1-0"]
[WhiteElo "1566"]
[BlackElo "1160"]
[PlyCount "79"]
[EventDate "2022.03.26"]

1. d4 e6 2. Bf4 d5 3. e3 Be7 4. Bd3 Nf6 5. Nf3 Nc6 6. c3 O-O 7. O-O Ne4 8. Ne5
Nxe5 9. dxe5 Bg5 10. Bxe4 Bxf4 11. Bxh7+ Kxh7 12. exf4 Rh8 13. g3 c5 14. Nd2
Kg8 15. Qe2 c4 16. Rad1 b5 17. a3 Qf8 18. Nf3 g6 19. h4 Bd7 20. Nh2 f5 21. exf6
Qxf6 22. Nf3 Re8 23. Qe5 Qe7 24. Rfe1 Bc6 25. Re3 a6 26. Ng5 Rh5 27. Qxe6+ Qxe6
28. Rxe6 Rxe6 29. Nxe6 Rf5 30. Nd4 Rf6 31. Nxc6 Rxc6 32. Rxd5 Kg7 33. f3 Rf6
34. Rd7+ Kf8 35. Kf2 Ke8 36. Rd4 Ke7 37. g4 Ke6 38. Kg3 Ke7 39. g5 Re6 40. Re4
1-0

[Event "53smm B Richter/Lask2-Kaltern/Tramin2"]
[Site "?"]
[Date "2022.03.26"]
[Round "4.1"]
[White "Maier, Fridolin"]
[Black "Gruber, Martin"]
[Result "0-1"]
[WhiteElo "1794"]
[BlackElo "1597"]
[PlyCount "66"]
[EventDate "2022.03.26"]

1. e4 Nf6 2. e5 Nd5 3. c4 Nb6 4. Nc3 d6 5. f4 Bf5 6. Nf3 Nc6 7. a3 dxe5 8. fxe5
Nd4 9. d3 c6 10. Be3 Nxf3+ 11. Qxf3 e6 12. Rd1 Nd7 13. d4 Qh4+ 14. Bf2 Qg4 15.
Be2 Qxf3 16. Bxf3 Be7 17. O-O O-O 18. Ne4 Rfd8 19. Nd6 Bxd6 20. exd6 Nb6 21. c5
Nc4 22. Be2 Nxb2 23. Rb1 Bxb1 24. Rxb1 Na4 25. Rxb7 Nc3 26. Bf3 Nd5 27. Bxd5
exd5 28. Be1 a5 29. Rc7 Ra6 30. d7 Kf8 31. Bg3 Ke7 32. Bd6+ Ke6 33. Be5 f6 0-1

[Event "53smm B Richter/Lask2-Kaltern/Tramin2"]
[Site "?"]
[Date "2022.03.26"]
[Round "4.2"]
[White "Pardeller, Arthur"]
[Black "Unterkofler, Alex"]
[Result "1/2-1/2"]
[WhiteElo "1598"]
[BlackElo "1743"]
[PlyCount "50"]
[EventDate "2022.03.26"]

1. d4 Nf6 2. c4 g6 3. Nc3 d5 4. e3 Bg7 5. Nf3 O-O 6. Be2 dxc4 7. Bxc4 c5 8. O-O
cxd4 9. Nxd4 e5 10. Nf3 Qc7 11. Bb3 e4 12. Ng5 Bf5 13. f3 exf3 14. Qxf3 Ng4 15.
g3 Ne5 16. Qg2 Bd3 17. Rd1 Nbc6 18. Nd5 Qc8 19. Nf4 Bf5 20. e4 Bg4 21. Rf1 h6
22. Nxf7 Nxf7 23. Nxg6 Be6 24. Nxf8 Bxb3 25. axb3 Qxf8 1/2-1/2

[Event "53smm B Richter/Lask2-Kaltern/Tramin2"]
[Site "?"]
[Date "2022.03.26"]
[Round "4.4"]
[White "Anrather, Eva"]
[Black "Florian, Andreas"]
[Result "0-1"]
[WhiteElo "1420"]
[BlackElo "1597"]
[PlyCount "81"]
[EventDate "2022.03.26"]

1. e4 e6 2. d4 d5 3. exd5 exd5 4. Nf3 Bd6 5. Be2 Ne7 6. h3 O-O 7. O-O Bf5 8.
Nc3 c6 9. Bd3 Nd7 10. Bg5 f6 11. Be3 Qc7 12. Nh4 Bg6 13. Nxg6 hxg6 14. f4 Rae8
15. Bd2 Qb6 16. Ne2 c5 17. c3 f5 18. Kh1 cxd4 19. Nxd4 Nc5 20. Bc2 Ne4 21. Ne6
Ng3+ 22. Kh2 Nxf1+ 23. Qxf1 Rf6 24. Ng5 d4 25. Bb3+ Kh8 26. Qe1 Ng8 27. Qxe8
Rf8 28. Qxg6 Bxf4+ 29. Bxf4 Qxg6 30. Re1 dxc3 31. bxc3 Nf6 32. Re6 Re8 33.
Rxe8+ Qxe8 34. Nf7+ Kh7 35. Ng5+ Kh6 36. Bf7 Qa4 37. Ne4+ Kh7 38. Nxf6+ gxf6
39. Be3 Qa5 40. Bd4 Qxc3 41. Kh1 0-1

[Event "53smm Merania-Gries"]
[Site "?"]
[Date "2022.03.26"]
[Round "4.1"]
[White "Zammarchi, Massimo"]
[Black "Bonagura, Stefano"]
[Result "0-1"]
[WhiteElo "1927"]
[BlackElo "2225"]
[PlyCount "98"]
[EventDate "2022.03.26"]

1. e4 g6 2. d4 Bg7 3. Nf3 c6 4. Bd3 d5 5. e5 Bg4 6. O-O e6 7. Be3 Ne7 8. Nbd2
O-O 9. c3 Nd7 10. h3 Bxf3 11. Nxf3 Nf5 12. Bg5 f6 13. exf6 Bxf6 14. Bf4 Bg7 15.
Qd2 Qf6 16. Bg5 Qf7 17. Rac1 Rac8 18. g4 Ne7 19. Ne5 Nxe5 20. dxe5 c5 21. f4
Nc6 22. Qf2 c4 23. Bc2 Qc7 24. Qe3 Qb6 25. Qxb6 axb6 26. Kg2 b5 27. a3 Rf7 28.
Rcd1 Rd7 29. Bh4 Rf8 30. Bg3 Re8 31. Rfe1 Ne7 32. a4 b4 33. cxb4 d4 34. b3 c3
35. Re4 Nc6 36. Bd3 Nxb4 37. Bb5 c2 38. Rc1 d3 39. Bxd3 Rxd3 40. Rxb4 Rc8 41.
Rc4 Rxc4 42. bxc4 Rc3 43. Bf2 Rxc4 44. Be3 Bf8 45. Ra1 Rc3 46. Bc1 Bc5 47. Ra2
h5 48. Kf1 h4 49. a5 Rf3+ 0-1